Odbory v českých zemích v letech 1918 - 1948
| Titel: | Odbory v českých zemích v letech 1918 - 1948 / František Čapka |
|---|---|
| Verfasser: | |
| Ausgabe: | 1. vyd. |
| Veröffentlicht: | Brno : Masarykova Univ., 2008 |
| Umfang: | 288 Seiten, [5] Blätter : Illustrationen |
| Format: | Buch |
| Sprache: | Tschechisch |
| ISBN: | 9788021047976 |
| Hinweise zum Inhalt: |
Inhaltsverzeichnis
|
alg: 21439876 001A $03004:31-07-09 001B $06055:01-03-26 $t18:49:39.000 001D $03004:11-09-09 001U $0utf8 001X $00 002@ $0Aau 002C $aText $btxt $2rdacontent 002D $aohne Hilfsmittel zu benutzen $bn $2rdamedia 002E $aBand $bnc $2rdacarrier 003@ $0214398765 003O $0432998599 $aOCoLC 004A $A978-80-210-4797-6 007A $0214398765 $aHEB 007G $0DE0208DBE9C5402AEEB94C125793D00453159 007T $0Herdpp141688 009P $qapplication/pdf $A2 $3Inhaltsverzeichnis $uhttp://scans.hebis.de/HEBCGI/show.pl?21439876_toc.pdf $mV:DE-603;B:DE-Mb50 010@ $acze 011@ $a2008 021A $aOdbory v českých zemích v letech 1918 - 1948 $hFrantišek Čapka 028A $BVerfasser $4aut $71024903036 $8Čapka, František$Z1942- [Tp3] $9306552124 032@ $a1. vyd. 033A $pBrno $nMasarykova Univ. 034D $a288 Seiten, [5] Blätter 034M $aIllustrationen 037A $aLiteraturverzeichnis S. 190 - 206 039U $aRezensiert in $8--Aox--Arndt, Veronika. Čapka, František, 1942-. Odbory v českých zemích v letech 1918 - 1948. - Brno : Masarykova Univ.. - 2008 [Rezension], 2010 $9394709403 039U $aRezensiert in $8--Aox--Vaculík, Jaroslav. Čapka, František, 1942-. Odbory v českých zemích v letech 1918 - 1948. - Brno : Masarykova Univ.. - 2008 [Rezension], 2009 $9395189039 039U $aRezensiert in $8--Aox--Drenčková, Lýdia. Čapka, František, 1942-. Odbory v českých zemích v letech 1918 - 1948. - Brno : Masarykova Univ.. - 2008 [Rezension], 2010 $9395197317 044K $RInteressenverband $RArbeiterbewegung $RSyndikalismus $RArbeitnehmerverband $#Labor unions $#Syndicats $#Sindacati $#Funcionarios Sindicatos $#trade unions $#Gewerkschaft $#Gewerkschaft $#Gewerkschaft $#Gewerkschaften $D20251120 $Ecgmnf $74020872-2 $8Gewerkschaft [Ts1] $9085050695 044K $RTschechien $#Böhmische Kronländer $#Länder der Böhmischen Krone $#Sudetenland $#Böhmen $#Mähren $#Mährisch-Schlesien $#Österreichisch-Schlesien $#Tschechische Sozialistische Republik Böhmische Länder $#Tschechei Böhmische Länder $#Země koruny české $D20251120 $Ecgmnf $74069573-6 $8Böhmische Länder [Tg1] $9085195553 045F $a330.094371 $eDDC23BSB 045F/01 $a330.09 045F/03 $g4371 045F/03 $g437 045G $a909 $eDDC23BSB 045G/01 $a909 045G/03 $g4371 046L $aZusammenfassung in deutscher Sprache lok: 21439876 24 101B $011-09-09 $t16:15:39.000 101C $011-09-09 101U $0utf8 145Z/01 $a23 13 G 145Z/02 $a22 13 G 145Z/03 $a23 13 A 145Z/04 $a22 13 A exp: 21439876 24 1 #EPN 201B/01 $011-09-09 $t16:15:39.000 201C/01 $031-07-09 201U/01 $0utf8 203@/01 $0579995631 208@/01 $a11-09-09 $bz 209A/01 $a09.5654 $du $f050 $h09 5654 $x00 209C/01 $a09.5654 K $h09 5654 K 209G/01 $a71783383 $x00 220C/01 $akon 247C/01 $8358050-7Marburg, Bibliothek des Herder-Instituts Marburg $9102600961 lok: 21439876 78 exp: 21439876 78 1 #EPN 201B/01 $026-11-17 $t00:23:59.000 201U/01 $0utf8 203@/01 $0792084640 208@/01 $a12-11-16 $be 209A/01 $a/ $f000 $x00 220C/01 $aHerkunft: Hú Av Čr Praha 237A/01 $aRés. něm. s. 210-212. - weiterführende Signatur(en): 09.5654 244Z/01 $#Tschechien $#Tschechische Republik $#Tschechien $#Tschechische Republik $#Tschechenland $#Tschechei Tschechien $#Česká Republika $#Czech Republic $#ČR $74303381-7 $8--Tg1--Tschechien $x01 $9086659812 244Z/01 $2Trx $#Böhmen $#Bohemia $#Czechy $8--Trx--Čechy $x02 $9391188941 244Z/01 $aGeschichte 1918-1948 $x03 244Z/01 $2Trx $#ametiühingud $#profesinės sąjungos $#trade unions $#szakszervezetek $#związki zawodowe $#organizácie odborové $#organizace odborové $#ruch zawodowy $8--Trx--Gewerkschaften $x04 $9391355376 244Z/01 $ahnutí odborové $x05 244Z/01 $adějiny společnosti $x06 244Z/01 $2Trx $#sotsiaalhooldus $#socialinė rūpyba $#welfare $#szociális gondozás $#opieka społeczna $#sociálna starostlivosť $#péče sociální $#Wohlfahrt $#Witwen und Waisen $#pomoc społeczna $#púť $#vdovy a siroty $#pouť $#vdovy a siroty $8--Trx--Sozialfürsorge $x07 $9391373994 244Z/01 $2Trx $8--Trx--Monographie $x08 $9391384546 245Z/01 $a09.10 $x01 247C/01 $82080>Marburg/Lahn, Herder-Institut, Forschungsbibliothek, Bibliographieportal $9336309341
| LEADER | 00000cam a2200000 c 4500 | ||
|---|---|---|---|
| 001 | 214398765 | ||
| 003 | DE-603 | ||
| 005 | 20260301184939.0 | ||
| 007 | tu | ||
| 008 | 090731s2008 xx |||| | u00||u|cze c | ||
| 020 | |a 9788021047976 | ||
| 035 | |a (DE-599)HEB214398765 | ||
| 035 | |a (OCoLC)432998599 | ||
| 040 | |a DE-603 |b ger |c DE-603 |d DE-603 | ||
| 041 | |a cze | ||
| 082 | 0 | 4 | |8 1\u |a 330.094371 |q DE-101 |2 23/BSB |
| 083 | 0 | |8 2\u |a 909 |q DE-101 |2 23/BSB | |
| 085 | |8 1\u |b 330.09 | ||
| 085 | |8 1\u |z 2 |s 4371 | ||
| 085 | |8 1\u |z 2 |s 437 | ||
| 085 | |8 2\u |b 909 | ||
| 085 | |8 2\u |z 2 |s 4371 | ||
| 100 | 1 | |a Čapka, František |d 1942- |e Verfasser |4 aut |0 (DE-603)306552124 |0 (DE-588)1024903036 |2 gnd | |
| 245 | 0 | 0 | |a Odbory v českých zemích v letech 1918 - 1948 |c František Čapka |
| 250 | |a 1. vyd. | ||
| 264 | 1 | |a Brno |b Masarykova Univ. |c 2008 | |
| 300 | |a 288 Seiten, [5] Blätter |b Illustrationen | ||
| 336 | |a Text |b txt |2 rdacontent | ||
| 337 | |a ohne Hilfsmittel zu benutzen |b n |2 rdamedia | ||
| 338 | |a Band |b nc |2 rdacarrier | ||
| 500 | |a Literaturverzeichnis S. 190 - 206 | ||
| 546 | |a Zusammenfassung in deutscher Sprache | ||
| 650 | 7 | |a Gewerkschaft |0 (DE-588)4020872-2 |0 (DE-603)085050695 |2 gnd | |
| 651 | 7 | |a Böhmische Länder |0 (DE-588)4069573-6 |0 (DE-603)085195553 |2 gnd | |
| 787 | 0 | 8 | |i Rezensiert in |a Arndt, Veronika |t Čapka, František, 1942-. Odbory v českých zemích v letech 1918 - 1948. - Brno : Masarykova Univ.. - 2008 [Rezension] |w (DE-603)394709403 |
| 787 | 0 | 8 | |i Rezensiert in |a Vaculík, Jaroslav |t Čapka, František, 1942-. Odbory v českých zemích v letech 1918 - 1948. - Brno : Masarykova Univ.. - 2008 [Rezension] |w (DE-603)395189039 |
| 787 | 0 | 8 | |i Rezensiert in |a Drenčková, Lýdia |t Čapka, František, 1942-. Odbory v českých zemích v letech 1918 - 1948. - Brno : Masarykova Univ.. - 2008 [Rezension] |w (DE-603)395197317 |
| 856 | 4 | 2 | |m V:DE-603;B:DE-Mb50 |q application/pdf |u http://scans.hebis.de/HEBCGI/show.pl?21439876_toc.pdf |3 Inhaltsverzeichnis |
| 924 | 0 | |9 Mb 50 |a (DE-603)579995631 |b DE-Mb50 |c HES |d c |g 09.5654 | |
| 924 | 0 | |9 2080 |a (DE-603)792084640 |b DE-2080 |c HES |d d |g / | |


